Półwyspy Azji na mapie - Statystyki

Ogólne statystyki
  • Ten quiz został rozwiązany 162 razy
  • Średni wynik to 5 z 13
Odpowiedzi na mapie
Odpowiedzi zakodowano w zielono-czerwonej skali na mapie do tego quizu, zgodnie z poniższymi procentami.
 
Statystyki odpowiedzi
Odpowiedź % Poprawnych
Koreański
87%
Kamczatka
84%
Malajski
65%
Anatolijski
63%
Synaj
46%
Czukocki
44%
Tajmyr
41%
Jamał
37%
Katar
33%
Gydański
25%
Kathijawar
4%
Szantung
1%
Liaotung
0%
Nie znaleziono quizów pasujących do podanych kryteriów
Rozkład punktacji
Procent ludzi z każdym wynikiem
Percentyl według liczby udzielonych odpowiedzi
Twoja historia wyników
Nie rozwiązałeś tego quizu